<?xml version="1.0" encoding="UTF-8"?>
<record
    xmlns:xsi="http://www.w3.org/2001/XMLSchema-instance"
    xsi:schemaLocation="http://www.loc.gov/MARC21/slim http://www.loc.gov/standards/marcxml/schema/MARC21slim.xsd"
    xmlns="http://www.loc.gov/MARC21/slim">

  <leader>01768nam a2200325 i 4500</leader>
  <controlfield tag="003">CSPC</controlfield>
  <controlfield tag="005">20260323164936.0</controlfield>
  <controlfield tag="008">260314c2014    ph  r p  i    00  0 eng d</controlfield>
  <datafield tag="022" ind1=" " ind2=" ">
    <subfield code="a">1908-3297</subfield>
  </datafield>
  <datafield tag="040" ind1=" " ind2=" ">
    <subfield code="a">CSPC</subfield>
    <subfield code="b">eng</subfield>
    <subfield code="c">CSPC</subfield>
    <subfield code="e">rda</subfield>
  </datafield>
  <datafield tag="245" ind1="0" ind2="0">
    <subfield code="a">Regional integration, inclusive growth, and poverty :</subfield>
    <subfield code="b">enhancing employment opportunities for the poor.</subfield>
  </datafield>
  <datafield tag="264" ind1=" " ind2="1">
    <subfield code="a"> Makati City, Philippines :</subfield>
    <subfield code="b">Philippine Institute for Development Studies, </subfield>
    <subfield code="c">2014.</subfield>
  </datafield>
  <datafield tag="300" ind1=" " ind2=" ">
    <subfield code="a">volumes : </subfield>
    <subfield code="b">illustrations ; </subfield>
    <subfield code="c">23 cm. </subfield>
  </datafield>
  <datafield tag="336" ind1=" " ind2=" ">
    <subfield code="2">rdacontent</subfield>
    <subfield code="a">text</subfield>
  </datafield>
  <datafield tag="337" ind1=" " ind2=" ">
    <subfield code="2">rdamedia</subfield>
    <subfield code="a">unmediated</subfield>
  </datafield>
  <datafield tag="338" ind1=" " ind2=" ">
    <subfield code="2">rdacarrier</subfield>
    <subfield code="a">volumes</subfield>
  </datafield>
  <datafield tag="490" ind1=" " ind2="1">
    <subfield code="a">Research paper series no. 2014-01</subfield>
  </datafield>
  <datafield tag="504" ind1=" " ind2=" ">
    <subfield code="a">Includes bibliographical references</subfield>
  </datafield>
  <datafield tag="505" ind1="0" ind2=" ">
    <subfield code="a">Introduction -- Regional economic integration and its impacts on the Philippines -- Track record in poverty reduction -- Objectives of the paper -- Regional economic integration: Generating employment opportunities for the poor -- Subsectors affected by regional economic integration --  Absorption of less-educated workers in selected subsectors -- Labpr supply from the poor -- Conclusion and reccommendations -- Summary and conclusions -- Reccomendations -- References. </subfield>
  </datafield>
  <datafield tag="546" ind1=" " ind2=" ">
    <subfield code="a"> In English.</subfield>
  </datafield>
  <datafield tag="650" ind1=" " ind2="0">
    <subfield code="a">Economic development</subfield>
    <subfield code="x">Periodicals. </subfield>
    <subfield code="z">Philippines</subfield>
  </datafield>
  <datafield tag="650" ind1=" " ind2="0">
    <subfield code="a">Employment</subfield>
    <subfield code="x">Periodicals. </subfield>
    <subfield code="z">Philippines</subfield>
  </datafield>
  <datafield tag="650" ind1=" " ind2="0">
    <subfield code="a">Inclusive growth</subfield>
    <subfield code="x">Periodicals. </subfield>
  </datafield>
  <datafield tag="650" ind1=" " ind2="0">
    <subfield code="a">Regional economic integration</subfield>
    <subfield code="x">Periodicals. </subfield>
  </datafield>
  <datafield tag="650" ind1=" " ind2="0">
    <subfield code="a">Income distribution</subfield>
    <subfield code="x">Periodicals. </subfield>
    <subfield code="z">Philippines</subfield>
  </datafield>
  <datafield tag="650" ind1=" " ind2="0">
    <subfield code="a">Poor</subfield>
    <subfield code="v">Employment</subfield>
    <subfield code="z">Philippines</subfield>
  </datafield>
  <datafield tag="700" ind1="1" ind2=" ">
    <subfield code="a">Reyes, Celia M., </subfield>
    <subfield code="e">editor.</subfield>
  </datafield>
  <datafield tag="942" ind1=" " ind2=" ">
    <subfield code="2">ddc</subfield>
    <subfield code="n">0</subfield>
    <subfield code="c">SERIALS</subfield>
    <subfield code="h">339.4609599</subfield>
    <subfield code="i">R263</subfield>
    <subfield code="k">SER</subfield>
    <subfield code="m">2014</subfield>
  </datafield>
  <datafield tag="952" ind1=" " ind2=" ">
    <subfield code="0">0</subfield>
    <subfield code="1">0</subfield>
    <subfield code="2">ddc</subfield>
    <subfield code="4">0</subfield>
    <subfield code="7">1</subfield>
    <subfield code="a">CSPC</subfield>
    <subfield code="b">CSPC</subfield>
    <subfield code="c">SER</subfield>
    <subfield code="d">2026-03-14</subfield>
    <subfield code="h">2014, Number 1 </subfield>
    <subfield code="l">0</subfield>
    <subfield code="o">Ser BUSS 10 n.1 2014 </subfield>
    <subfield code="p">01635S</subfield>
    <subfield code="r">2026-03-14 09:27:54</subfield>
    <subfield code="t">1-1</subfield>
    <subfield code="w">2026-03-14</subfield>
    <subfield code="y">SERIALS</subfield>
    <subfield code="z">Journal</subfield>
  </datafield>
  <datafield tag="999" ind1=" " ind2=" ">
    <subfield code="c">32053</subfield>
    <subfield code="d">32053</subfield>
  </datafield>
</record>
